| 000 | 00643nam a22001817a 4500 | ||
|---|---|---|---|
| 005 | 20251107151610.0 | ||
| 010 | _aENG-147088 | ||
| 020 |
_c299.00 _a9789357318655 |
||
| 035 | _aEN-130620 | ||
| 037 | _bDBAD | ||
| 082 |
_a341.11 INT _21 |
||
| 245 | _aInternational organizations and indices handbook | ||
| 250 | _a1 | ||
| 260 |
_aGurugram _bHachette Book Publishing India Pvt.Ltd _c2025 |
||
| 270 |
_bGurugram _aHachette Book Publishing India Pvt.Ltd 4th&5th Floors, Corporate Centre Plot No.94, Sector44, Gurugram India _e122003 _mwww.hachetteindia.com |
||
| 300 |
_avii,134 _c20cm(pb) |
||
| 942 |
_2ddc _cEN _h341.11 _mINT _e1 |
||
| 999 |
_c213723 _d213723 |
||